[Event "4NCL Division One"]
[Site "Daventry, ENG"]
[Date "2024.05.06"]
[EventDate "2024.05.06"]
[Round "11.53"]
[White "Hobson, Kenneth"]
[WhiteTitle "CM"]
[WhiteElo "2248"]
[WhiteTeam "Oxford 1"]
[Black "Durak, Can"]
[BlackTitle "FM"]
[BlackElo "2446"]
[BlackTeam "Wood Green Youth"]
[Result "0-1"]

1. e4 c5 2. Nf3 d6 3. Bb5+ Nd7 4. a4 Ngf6 5. Nc3 g6 6. a5 Bg7 7. a6 O-O 8. O-O
bxa6 9. Bxa6 Bxa6 10. Rxa6 Nb8 11. Ra3 Nc6 12. d4 cxd4 13. Nxd4 Nxd4 14. Qxd4
Nd7 15. Qe3 Qb8 16. Nd5 e6 17. Ne7+ Kh8 18. Nc6 Qb7 19. Na5 Qc7 20. c3 Nb6 21.
Qg3 f5 22. Rd1 fxe4 23. Qg4 Qf7 24. Be3 d5 25. Qe2 Qc7 26. c4 Rad8 27. c5 Nc8
28. b4 Ne7 29. b5 d4 30. Bg5 Qxc5 31. Bxe7 Qxe7 32. Ra2 Rd7 33. Qxe4 e5 34. Rc1
Qg5 35. Rb1 h5 36. h4 Qf5 37. f3 Qxe4 38. fxe4 Rb8 39. Nc6 Rbb7 40. Ra6 Kh7 41.
g3 d3 42. Na5 Rbc7 43. Rc6 d2 44. Rd1 Bh6 45. Nc4 Rb7 46. Nxe5 Re7 47. Rc5 Be3+
0-1

[Event "4NCL Division One"]
[Site "Daventry, ENG"]
[Date "2024.05.06"]
[EventDate "2024.05.06"]
[Round "11.54"]
[White "Willow, Jonah B"]
[WhiteTitle "IM"]
[WhiteElo "2450"]
[WhiteTeam "Wood Green Youth"]
[Black "Khoury, Theo"]
[BlackElo "2237"]
[BlackTeam "Oxford 1"]
[Result "1/2-1/2"]

1. e4 c5 2. Nc3 a6 3. d4 cxd4 4. Qxd4 Nc6 5. Qe3 g6 6. Bd2 Bh6 7. f4 e5 8. Nd5
d6 9. O-O-O Be6 10. Kb1 b5 11. Qf2 Bg7 12. Nf3 Nge7 13. Bc3 Qb8 14. Nxe7 Kxe7
15. fxe5 Nxe5 16. Nxe5 Bxe5 17. Bxe5 dxe5 18. Be2 f6 19. Rhf1 Rf8 20. Qc5+ Kf7
21. Rd6 Rd8 22. Rb6 Qa7 23. Qc6 Qe7 24. Rb7 Bd7 25. Qd5+ Kf8 26. Qd2 Rab8 27.
Ra7 Ra8 28. Rb7 Rab8 29. Rxb8 Rxb8 30. Rd1 Bc6 31. Bf3 Rb7 32. Qa5 Rd7 33. Rxd7
Qxd7 34. Qxa6 Bxe4 35. Qxf6+ Kg8 36. a3 Bxf3 37. Qxf3 Qd4 38. Qb3+ Kg7 39. Qxb5
e4 40. Qe2 Qg1+ 41. Ka2 e3 1/2-1/2

[Event "4NCL Division One"]
[Site "Daventry, ENG"]
[Date "2024.05.06"]
[EventDate "2024.05.06"]
[Round "11.55"]
[White "Pozimski, Szymon"]
[WhiteElo "2131"]
[WhiteTeam "Oxford 1"]
[Black "Yao, Lan"]
[BlackTitle "WGM"]
[BlackElo "2370"]
[BlackTeam "Wood Green Youth"]
[Result "1/2-1/2"]

1. Nf3 d5 2. d4 Nf6 3. g3 e6 4. c4 Be7 5. Bg2 O-O 6. O-O dxc4 7. Qa4 a6 8. Qxc4
b5 9. Qc2 Bb7 10. Bg5 Nbd7 11. Bxf6 Nxf6 12. Nbd2 Rc8 13. Nb3 Be4 14. Qc3 Nd7
15. Rfd1 Qe8 16. Ne5 Bxg2 17. Nxd7 Qxd7 18. Kxg2 Rfd8 19. Qf3 Qe8 20. Rac1 Rd6
21. Rd3 Bf6 22. Qe4 e5 23. dxe5 Bxe5 24. Rxd6 Bxd6 25. Qxe8+ Rxe8 26. Kf3 Kf8
27. Rc6 Ra8 28. Nc5 a5 29. Ne4 Be5 30. Rc5 Bxb2 31. Rxb5 Bd4 32. e3 Bb6 33. Nd6
Bxe3 34. Nc4 Bd4 35. Rxa5 Rd8 36. h4 Ke7 37. a4 Ke6 38. Ne3 c6 39. Ra6 Kd7 40.
Nf5 Bc5 41. Ra5 Bf8 42. Ke4 Re8+ 43. Kd3 c5 44. Ra7+ Ke6 45. Ne3 Rd8+ 46. Kc3
Be7 47. Ra6+ Ke5 48. Ra7 Ke6 49. Ra6+ Ke5 50. Ra7 Ke6 51. Ra6+ Ke5 1/2-1/2

[Event "4NCL Division One"]
[Site "Daventry, ENG"]
[Date "2024.05.06"]
[EventDate "2024.05.06"]
[Round "11.56"]
[White "Czopor, Maciej"]
[WhiteTitle "FM"]
[WhiteElo "2363"]
[WhiteTeam "Wood Green Youth"]
[Black "Manley, Jon P"]
[BlackElo "2165"]
[BlackTeam "Oxford 1"]
[Result "1/2-1/2"]

1. e4 e5 2. Nf3 Nc6 3. c3 d5 4. Qa4 Bd7 5. exd5 Nd4 6. Qd1 Nxf3+ 7. Qxf3 f5 8.
d4 e4 9. Qe2 Nf6 10. Nd2 Bd6 11. Nc4 O-O 12. Nxd6 cxd6 13. Bf4 Qb6 14. c4 Rac8
15. Rd1 e3 16. Bxe3 Rfe8 17. g3 f4 18. gxf4 Ne4 19. Bg2 Qa5+ 20. Kf1 Rxc4 21.
Kg1 Qc7 22. h3 Rc2 23. Qf3 Bf5 24. Kh2 Qf7 25. Rc1 Rxb2 26. Rc4 h6 27. Rhc1 Kh7
28. a4 a6 29. Kg1 1/2-1/2

[Event "4NCL Division One"]
[Site "Daventry, ENG"]
[Date "2024.05.06"]
[EventDate "2024.05.06"]
[Round "11.57"]
[White "Hariharan, Shambavi"]
[WhiteElo "1975"]
[WhiteTeam "Oxford 1"]
[Black "Jackson, James P"]
[BlackTitle "IM"]
[BlackElo "2371"]
[BlackTeam "Wood Green Youth"]
[Result "0-1"]

1. d4 Nf6 2. c4 g6 3. Nf3 Bg7 4. g3 O-O 5. Bg2 d6 6. Nc3 c5 7. O-O Nc6 8. h3
cxd4 9. Nxd4 Nxd4 10. Qxd4 Be6 11. Qd3 Qc8 12. Nd5 Nxd5 13. cxd5 Bxh3 14. Rb1
Qd7 15. b3 Rfc8 16. Bf4 Rc3 17. Qd2 Rac8 18. Rfc1 Bxg2 19. Kxg2 Qf5 20. Rxc3
Rxc3 21. Rd1 h5 22. Qe1 h4 23. Qf1 Rc2 24. f3 hxg3 25. Bxg3 Rxa2 26. Kg1 Be5
27. f4 Qg4 28. Qf3 Qxf3 29. exf3 Bc3 30. Rd3 Bf6 31. Bf2 a6 32. Be3 Kf8 33. Kf1
Ke8 34. Ke1 Kd7 35. Kd1 b5 36. Bd2 a5 37. Kc1 a4 38. bxa4 bxa4 39. Bb4 Rb2 40.
Bd2 Rb3 41. Re3 Rxe3 42. Bxe3 Kc7 43. Kb1 Kb7 44. Ka2 Ka6 45. Ka3 Kb5 46. Bd2
Bd4 47. Bc1 Bc5+ 48. Ka2 Kc4 49. Bd2 Kxd5 50. Ba5 e6 51. Bc3 Kc4 52. Bd2 Kd3
53. Bc1 Ke2 54. Kb2 Be3 55. Bxe3 Kxe3 56. Ka3 d5 57. Kxa4 d4 58. Kb3 d3 59. Kc3
d2 60. Kc2 Ke2 0-1

[Event "4NCL Division One"]
[Site "Daventry, ENG"]
[Date "2024.05.06"]
[EventDate "2024.05.06"]
[Round "11.58"]
[White "O'Donnell, Conor"]
[WhiteTitle "FM"]
[WhiteElo "2362"]
[WhiteTeam "Wood Green Youth"]
[Black "Murawski, Jan"]
[BlackElo "1963"]
[BlackTeam "Oxford 1"]
[Result "1/2-1/2"]

1. d4 Nf6 2. c4 e6 3. Nc3 d5 4. cxd5 exd5 5. Bg5 Be7 6. e3 h6 7. Bf4 c6 8. Bd3
O-O 9. h3 Be6 10. Nf3 Nbd7 11. O-O b5 12. Rc1 Qb6 13. Bb1 Rac8 14. Ne5 Rfd8 15.
Qd3 Nf8 16. Rfd1 a6 17. a3 c5 18. dxc5 Bxc5 19. Ne2 Bd6 20. Nd4 Ne4 21. Nec6
Re8 22. Bxd6 Nxd6 23. b3 Rc7 24. Rd2 Rec8 25. Rdc2 a5 26. Nxe6 fxe6 27. Ne7+
Rxe7 28. Rxc8 Nxc8 29. Rxc8 b4 30. a4 Qd6 31. Qc2 Qe5 32. Qh7+ Kf7 33. Qh8 Nd7
34. Qg8+ Kf6 35. Qh7 Rf7 36. Qc2 Rf8 37. Rc7 Rd8 38. g3 Qa1 39. f4 Ke7 40. Kh2
Kf8 41. g4 Qf6 42. Qc6 Qh4 43. Kg2 Qe1 44. Qd6+ Kg8 45. Qxe6+ Kh8 46. Rxd7 Qe2+
47. Kg3 Qe1+ 48. Kf3 Qf1+ 49. Kg3 Qe1+ 50. Kf3 Qf1+ 51. Kg3 1/2-1/2

[Event "4NCL Division One"]
[Site "Daventry, ENG"]
[Date "2024.05.06"]
[EventDate "2024.05.06"]
[Round "11.68"]
[White "Cooke, Suzie G."]
[WhiteTitle "WFM"]
[WhiteElo "1955"]
[WhiteTeam "Alba"]
[Black "Stoica, Savas Marin"]
[BlackElo "2278"]
[BlackTeam "Barnet Knights A"]
[Result "0-1"]

1. d4 Nf6 2. Bf4 b6 3. e3 Bb7 4. Nd2 h6 5. h3 e6 6. Ngf3 Be7 7. Bd3 c5 8. c3
O-O 9. O-O d5 10. Ne5 Ne4 11. Nxe4 dxe4 12. Bc4 cxd4 13. Qg4 dxc3 14. Bxh6 Bf6
15. Nxf7 Rxf7 16. Qxe6 Qe7 17. Qxe7 Bxe7 18. Bf4 cxb2 19. Rad1 Kf8 20. Bxf7
Kxf7 21. Be5 Ba6 22. Bxb2 Bxf1 23. Kxf1 Na6 24. Be5 Nc5 25. Bd4 Rd8 26. Rc1 Ne6
27. Be5 Rd2 28. a4 Nc5 29. Ra1 Nd3 30. Bg3 Bf6 31. Ra3 Bb2 32. Ra2 Nb4 33. Ke1
Rc2 34. Kd1 Rc1+ 0-1

﻿

[Event "4NCL Division One"]
[Site "Warwick, ENG"]
[Date "2024.01.13"]
[EventDate "2024.01.13"]
[Round "3.27"]
[White "Phan, Stefanus Kf"]
[WhiteElo "2033"]
[WhiteTeam "Oxford 1"]
[Black "Turner, Max N"]
[BlackTitle "CM"]
[BlackElo "2347"]
[BlackTeam "Chessable White Rose 1"]
[Result "1/2-1/2"]

1. c4 e6 2. g3 d5 3. Bg2 Nf6 4. Nf3 Be7 5. O-O O-O 6. b3 d4 7. Bb2 c5 8. e3 Nc6
9. exd4 cxd4 10. Re1 Re8 11. d3 Bc5 12. Ne5 Nxe5 13. Rxe5 Qd6 14. f4 Rb8 15. a3
a5 16. a4 b6 17. Na3 Bb7 18. Nb5 Qd7 19. h3 Rbd8 20. Qc2 Qc8 21. Qf2 Nd7 22.
Re2 Bxg2 23. Qxg2 Nb8 24. Kh2 Qc6 25. Re4 f5 26. Re2 Qxg2+ 27. Kxg2 Rd7 28. Kf3
Nc6 29. g4 fxg4+ 30. hxg4 Rf7 31. Ke4 Ref8 32. Rf1 Rd7 33. Rh2 g6 34. Rfh1 Rdf7
35. Bc1 Rd8 36. Bb2 Rdd7 37. Rh3 Rf8 38. Re1 g5 39. Bc1 gxf4 40. Bxf4 Ne7 41.
Rf3 Ng6 42. Ref1 Nh4 43. R3f2 Rg7 44. g5 Rgf7 45. Nc7 Re7 46. Be5 Rxf2 47. Rxf2
Ng6 48. Nb5 Nxe5 49. Kxe5 Rg7 50. Rg2 Rg6 51. Kf4 h6 52. Rg4 Kf7 53. gxh6 Rxh6
54. Ke5 Rh5+ 55. Ke4 Rh1 56. Nxd4 Re1+ 57. Kf3 Rb1 58. Ke4 Bxd4 59. Kxd4 Rxb3
60. Rh4 Ke7 61. Ke5 Rxd3 62. Rh7+ Kd8 63. Rb7 Rb3 64. c5 Kc8 65. Rxb6 Rxb6 66.
Ke4 1/2-1/2

[Event "4NCL Division One"]
[Site "Warwick, ENG"]
[Date "2024.01.13"]
[EventDate "2024.01.13"]
[Round "3.41"]
[White "Peralta, Fernando"]
[WhiteTitle "GM"]
[WhiteElo "2581"]
[WhiteTeam "Cheddleton"]
[Black "Kilpatrick, Callum"]
[BlackTitle "IM"]
[BlackElo "2438"]
[BlackTeam "Celtic Tigers 1"]
[Result "1-0"]

1. d4 Nf6 2. c4 e6 3. Nc3 Bb4 4. e3 c5 5. a3 Bxc3+ 6. bxc3 Nc6 7. Bd3 e5 8. Ne2
d6 9. O-O O-O 10. e4 Re8 11. d5 Na5 12. Ng3 h6 13. Ra2 Nh7 14. f4 f6 15. f5 Re7
16. h4 Qe8 17. Nh5 Kf8 18. g4 Qf7 19. g5 hxg5 20. hxg5 fxg5 21. f6 gxf6 22.
Raf2 f5 23. Rxf5 Bxf5 24. Rxf5 Kg8 25. Rxf7 Rxf7 26. Qg4 b6 27. Qe6 Nb7 28. Ng3
Raf8 29. Nf5 Kh8 30. Qg6 Rd7 31. Bc2 Rf6 32. Qe8+ Nf8 33. Bxg5 Rg6 34. Qxf8+
Kh7 35. Kf2 Rxg5 36. Qh6+ 1-0

[Event "4NCL Division One"]
[Site "Warwick, ENG"]
[Date "2024.01.13"]
[EventDate "2024.01.13"]
[Round "3.47"]
[White "Clarke, Brandon G I"]
[WhiteTitle "IM"]
[WhiteElo "2492"]
[WhiteTeam "Cheddleton"]
[Black "Pein, Jonathan"]
[BlackTitle "FM"]
[BlackElo "2273"]
[BlackTeam "Celtic Tigers 1"]
[Result "1-0"]

1. e4 e6 2. d4 d5 3. Nc3 Bb4 4. e5 c5 5. a3 Bxc3+ 6. bxc3 Nc6 7. Qg4 g6 8. Nf3
Qa5 9. Bd2 Qa4 10. Qf4 h6 11. dxc5 Qxc2 12. Bb5 g5 13. Qe3 Qe4 14. O-O Nge7 15.
Nd4 Bd7 16. Rab1 O-O-O 17. Nxc6 Bxc6 18. Bd3 Nf5 19. Bxe4 Nxe3 20. Bxe3 dxe4
21. Bd4 g4 22. h3 h5 23. Kh2 Rdg8 24. Rbe1 Rg5 25. Be3 Rgg8 26. Rd1 a6 27. Rg1
Kc7 28. Rd4 Kc8 29. h4 Rd8 30. Bg5 Rd7 31. Bf6 Rg8 32. Kg3 Kc7 33. Rd6 Kc8 34.
Bg5 Rxd6 35. cxd6 Kd7 36. Rb1 Rg6 37. Rb6 Rg8 38. Kf4 Rg6 39. g3 Rg8 40. Bf6
Rg6 41. a4 Rg8 42. a5 Rg6 43. c4 Rg8 44. Ke3 Re8 45. Kd4 Rg8 46. Rb4 Rc8 47.
Bg5 Ke8 48. Rb2 Kd7 49. Rd2 Ke8 50. Kc3 Kd7 51. Kb4 Ke8 52. Rd1 Kd7 53. Rd4 Rg8
54. Kc5 Rc8 55. Kb6 Ra8 56. Rd2 Rg8 57. Rc2 Rc8 58. Rb2 Rf8 59. Rb4 Ra8 60. Be3
Rf8 61. Ka7 f6 62. exf6 Rxf6 63. Rxb7+ Bxb7 64. Kxb7 Rf8 65. Bb6 Rc8 66. Bc7
Rf8 67. c5 Rxf2 68. c6+ 1-0

[Event "4NCL Division One"]
[Site "Warwick, ENG"]
[Date "2024.01.14"]
[EventDate "2024.01.14"]
[Round "4.18"]
[White "Sandu, Mihaela"]
[WhiteTitle "WGM"]
[WhiteElo "2265"]
[WhiteTeam "Cheddleton"]
[Black "Terbe, Julianna"]
[BlackTitle "WIM"]
[BlackElo "2279"]
[BlackTeam "Manx Liberty"]
[Result "1/2-1/2"]

1. e4 c5 2. Nf3 Nc6 3. d4 cxd4 4. Nxd4 Nf6 5. Nc3 e5 6. Ndb5 d6 7. Bg5 a6 8.
Na3 b5 9. Nd5 Be7 10. Bxf6 Bxf6 11. c3 Bg5 12. Nc2 Rb8 13. Be2 O-O 14. Qd3 Be6
15. O-O g6 16. Rfd1 Qd7 17. Ncb4 Nxb4 18. Nxb4 Rb6 19. Qc2 f5 20. Nd5 Rbb8 21.
Bf3 a5 22. Rd3 Kh8 23. Rad1 f4 24. Qe2 Bd8 25. h3 h5 26. c4 bxc4 27. Rc3 Qb5
28. Rd2 Rc8 29. Rdc2 Rf7 30. b3 Kg7 31. Rxc4 Rxc4 32. Rxc4 Bxd5 33. exd5 Bb6
34. Qc2 Bc5 35. Be4 Rf6 36. Qe2 Qb6 37. Rc2 Qb4 38. Bf3 1/2-1/2

[Event "4NCL Division One"]
[Site "Warwick, ENG"]
[Date "2024.01.14"]
[EventDate "2024.01.14"]
[Round "4.22"]
[White "Willow, Jonah B"]
[WhiteTitle "IM"]
[WhiteElo "2427"]
[WhiteTeam "Wood Green Youth"]
[Black "Rowson, Jonathan"]
[BlackTitle "GM"]
[BlackElo "2537"]
[BlackTeam "Chessable White Rose 1"]
[Result "1-0"]

1. e4 c5 2. Nc3 Nc6 3. Nge2 g6 4. d4 cxd4 5. Nxd4 Bg7 6. Be3 Nf6 7. Bc4 O-O 8.
Bb3 Qa5 9. f3 d5 10. exd5 Nb4 11. Qd2 Rd8 12. O-O-O Bd7 13. Kb1 Be8 14. a3 Na6
15. g4 Rac8 16. h4 Nc5 17. h5 Nxb3 18. Nxb3 Qc7 19. Bd4 Qc4 20. hxg6 fxg6 21.
Qh2 h6 22. Rde1 Rd7 23. g5 hxg5 24. d6 Rxd6 25. Rxe7 Rxd4 26. Nxd4 Qxd4 27.
Rxg7+ Kxg7 28. Qh8+ Kf7 29. Ne4 Bd7 30. Nxg5+ Ke7 31. Qg7+ Kd6 32. Ne4+ Kc6 33.
Qxg6 Rf8 34. Qg7 Rg8 35. Qxf6+ Qxf6 36. Nxf6 Rg2 37. Nxd7 Kxd7 38. Rh7+ Kc6 39.
Rf7 Rf2 40. b3 Rf1+ 41. Kb2 Rf2 42. Kc3 Kd5 1-0

[Event "4NCL Division One"]
[Site "Warwick, ENG"]
[Date "2024.01.14"]
[EventDate "2024.01.14"]
[Round "4.23"]
[White "Emms, John M"]
[WhiteTitle "GM"]
[WhiteElo "2451"]
[WhiteTeam "Chessable White Rose 1"]
[Black "Bazakutsa, Svyatoslav"]
[BlackTitle "FM"]
[BlackElo "2358"]
[BlackTeam "Wood Green Youth"]
[Result "1/2-1/2"]

1. e4 c6 2. d4 d5 3. exd5 cxd5 4. Bd3 Nc6 5. c3 Nf6 6. Bf4 Bg4 7. Qb3 Qd7 8.
Nd2 e6 9. Ngf3 Bxf3 10. Nxf3 Bd6 11. Bxd6 Qxd6 12. O-O O-O 13. Rfe1 Qc7 14. Qc2
g6 15. g3 Rab8 16. a4 a6 17. Qe2 Rfe8 18. Qe3 Kg7 19. Kg2 Re7 20. h4 h5 21. Ne5
Nxe5 22. dxe5 Nd7 23. Qg5 Ree8 24. Re3 Qd8 25. Qf4 Qe7 26. Rae1 Rh8 27. Rf3
Rbd8 28. Ree3 Kg8 29. Qd4 Rh7 30. b4 Nb8 31. Rf6 Nc6 32. Qf4 d4 33. Rf3 dxc3
34. Qg5 Rg7 35. Be4 Rd1 36. b5 axb5 37. axb5 Nd8 38. Rxc3 Qb4 39. Bf3 Qxc3 40.
Bxd1 Qd3 41. Ba4 Qe4+ 42. Rf3 Qxa4 43. Qxd8+ Kh7 44. Qd3 Qb4 45. Kh2 Qc5 46.
Re3 b6 47. Qd7 f5 48. Qxe6 Qxb5 49. Rb3 Qe2 50. Qxb6 Qxe5 51. Re3 Qc7 52. Qxc7
Rxc7 53. Kg2 Rf7 54. Re7 Rg7 55. Re3 1/2-1/2

[Event "4NCL Division One"]
[Site "Telford, ENG"]
[Date "2024.02.11"]
[EventDate "2024.02.11"]
[Round "6.14"]
[White "Csonka, Balazs"]
[WhiteTitle "IM"]
[WhiteElo "2480"]
[WhiteTeam "Manx Liberty"]
[Black "Willow, Jonah B"]
[BlackTitle "IM"]
[BlackElo "2445"]
[BlackTeam "Wood Green Youth"]
[Result "1-0"]

1. d4 Nf6 2. c4 e6 3. Nc3 Bb4 4. e3 c5 5. Bd3 O-O 6. Nge2 cxd4 7. exd4 d5 8.
cxd5 Qxd5 9. O-O Qh5 10. Ne4 Nbd7 11. Bf4 Nxe4 12. Bxe4 Nf6 13. Bf3 Qb5 14. Nc3
Bxc3 15. bxc3 Nd5 16. Bd2 Qc6 17. a4 Bd7 18. Qb3 Rfc8 19. Rfc1 Qc4 20. Qxc4
Rxc4 21. a5 Rac8 22. Be2 Bb5 23. Bxc4 Rxc4 24. f3 a6 25. Ra3 f6 26. Rb1 Kf7 27.
Rab3 Kg6 28. Kf2 Bc6 29. Ke2 Bb5 30. Kf2 Bc6 31. Ke2 Bb5 32. Ke1 Rc7 33. h3 Bd3
34. R1b2 Bb5 35. Kf2 h6 36. Ke1 Kh7 37. Kf2 Kg6 38. h4 h5 39. Ke1 Kh7 40. Rxb5
axb5 41. Rxb5 Nxc3 42. Rxh5+ Kg6 43. Rc5 Nd5 44. Rxc7 Nxc7 45. Ke2 Kh5 46. g3
g5 47. hxg5 fxg5 48. g4+ Kg6 49. Kd3 Nb5 50. Kc4 Na3+ 51. Kc5 Nc2 52. Kb6 Nxd4
53. Kxb7 1-0

[Event "4NCL Division One"]
[Site "Telford, ENG"]
[Date "2024.02.11"]
[EventDate "2024.02.11"]
[Round "6.28"]
[White "Huk, Kateryna"]
[WhiteElo "1893"]
[WhiteTeam "Chessable White Rose 1"]
[Black "Rendle, Thomas E"]
[BlackTitle "IM"]
[BlackElo "2420"]
[BlackTeam "The Sharks 1"]
[Result "1/2-1/2"]

1. d4 e6 2. Bf4 f5 3. g3 Nf6 4. Bg2 Be7 5. c4 O-O 6. Nc3 Bb4 7. Qc2 d6 8. a3
Bxc3+ 9. Qxc3 Qe8 10. c5 Qe7 11. Qb4 Rd8 12. Bxb7 dxc5 13. dxc5 Na6 14. Bxa6
Bxa6 15. Qa5 Bb7 16. Nf3 e5 17. c6 Bxc6 18. Bg5 h6 19. Bxf6 Qxf6 20. O-O e4 21.
Nh4 Rd5 22. Qxc7 Bb5 23. Qc2 Rad8 24. Rad1 Qc6 1/2-1/2

[Event "4NCL Division One"]
[Site "Telford, ENG"]
[Date "2024.02.11"]
[EventDate "2024.02.11"]
[Round "6.31"]
[White "Dardha, Daniel"]
[WhiteTitle "GM"]
[WhiteElo "2621"]
[WhiteTeam "Cheddleton"]
[Black "Harvey, Marcus R"]
[BlackTitle "IM"]
[BlackElo "2466"]
[BlackTeam "Wood Green"]
[Result "1/2-1/2"]

1. d4 Nf6 2. c4 e6 3. Nc3 d5 4. cxd5 exd5 5. Bg5 c6 6. e3 Be7 7. Bd3 Nbd7 8. h3
Nf8 9. Qc2 Ne6 10. Bh4 Nh5 11. Bxe7 Qxe7 12. O-O-O Bd7 13. Nf3 Nf6 14. g4 h6
15. Ne5 O-O-O 16. f4 Kb8 17. Rhe1 Bc8 18. Kb1 Nd7 19. Nf3 Qd6 20. h4 Rhe8 21.
Qf2 f6 22. h5 Nb6 23. Bg6 Re7 24. Nh4 Rc7 25. a3 Nf8 26. Bf5 Be6 27. e4 dxe4
28. Nxe4 Qd5 29. Bxe6 Nxe6 30. Nf5 Qd7 31. Nc5 Nxc5 32. dxc5 Nd5 33. Qg3 Ka8
34. Nd4 Qc8 35. Ka1 Ne7 36. f5 Rcd7 37. Qg1 Nd5 38. Ne6 Re8 39. Re4 Rde7 40.
Qg3 a6 41. Rde1 Ka7 42. Qb3 Ka8 43. Qc4 Nc7 44. Nxc7+ Qxc7 45. Re6 Qd8 46. Ka2
Rxe6 47. fxe6 Re7 48. Re3 Qe8 49. Qb3 Qc8 50. Ka1 Qe8 51. Re1 Qc8 52. Ka2 Qg8
53. Qc4 Qd8 54. Re3 Qe8 55. Qe4 Qg8 56. Kb1 Ka7 57. Kc2 Qc8 58. Re2 Qe8 59. Kd1
Qc8 60. b4 Qe8 61. Re3 Qd8+ 62. Kc2 Qe8 63. Kd2 Ka8 64. Ke2 Ka7 65. Kf3 Qc8 66.
a4 Qe8 67. Qf5 Ka8 68. Kg3 Ka7 69. Kf3 Ka8 70. Qg6 Qg8 71. Qe4 Qe8 72. Kf2 Ka7
73. Qc4 Ka8 74. Ke1 Qd8 75. Qf4 Qd5 76. Qd6 Qg5 77. Kd2 Qxg4 78. b5 Qb4+ 79.
Ke2 Qg4+ 80. Ke1 Qh4+ 81. Kf1 Qh1+ 82. Ke2 Re8 83. e7 Qxh5+ 84. Kd2 Qd5+ 85.
Kc3 axb5 86. axb5 Qh1 87. Qd8+ Ka7 88. Qb6+ Kb8 89. Qd8+ Ka7 90. b6+ Ka6 91.
Qxe8 Qc1+ 92. Kb4 Qb2+ 93. Kc4 Qb5+ 94. Kd4 Qb4+ 95. Kd3 Qb3+ 96. Kd2 Qb2+ 97.
Ke1 Qb4+ 98. Ke2 Qg4+ 99. Rf3 Qc4+ 100. Kf2 Qh4+ 101. Ke3 Qe1+ 102. Kf4 Qh4+
103. Ke3 Qe1+ 104. Kd3 Qd1+ 105. Ke4 Qd5+ 106. Ke3 Qe5+ 107. Kf2 Qh2+ 108. Kf1
Qh1+ 109. Ke2 Qg2+ 110. Ke3 Qg1+ 111. Ke4 Qg4+ 112. Rf4 Qg2+ 113. Kd3 Qg3+ 114.
Ke2 Qg2+ 115. Rf2 Qe4+ 116. Kd2 Qd4+ 117. Ke1 Qc3+ 118. Rd2 Qe3+ 119. Kd1 Qg1+
120. Kc2 Qxc5+ 121. Kb2 Qb4+ 122. Kc1 Qc3+ 123. Kd1 Qf3+ 124. Kc2 Qe4+ 125. Rd3
Qe2+ 126. Kc3 Qe1+ 127. Kb3 Qb1+ 128. Kc4 Qb5+ 129. Kc3 Qc5+ 130. Kb2 Qb4+ 131.
Kc2 Qc4+ 132. Kd2 Qf4+ 133. Ke2 Qh2+ 134. Kf3 Qh3+ 135. Kf4 g5+ 136. Ke4 Qg4+
137. Ke3 Qg3+ 138. Kd2 Qf2+ 139. Kd1 Qf1+ 140. Kc2 Qe2+ 141. Rd2 Qc4+ 142. Kb2
Qb4+ 143. Kc1 Qc4+ 144. Rc2 Qf1+ 145. Kb2 Qb5+ 146. Ka1 Qe5+ 147. Ka2 Qd5+ 148.
Ka3 Qa5+ 149. Kb3 Qb5+ 150. Kc3 Qe5+ 151. Kd3 Qf5+ 152. Ke3 Qf4+ 153. Ke2 Qh2+
154. Kd3 Qd6+ 155. Kc4 Qd5+ 156. Kc3 Qe5+ 157. Kb3 Qb5+ 158. Ka2 Qa4+ 159. Kb1
Qb4+ 160. Ka1 Qd4+ 161. Kb1 1/2-1/2

[Event "4NCL Division One"]
[Site "Telford, ENG"]
[Date "2024.03.16"]
[EventDate "2024.03.16"]
[Round "7.57"]
[White "Dong, Bao Nghia"]
[WhiteTitle "FM"]
[WhiteElo "2357"]
[WhiteTeam "The Sharks 1"]
[Black "Swanson, Stephen"]
[BlackElo "2156"]
[BlackTeam "Alba"]
[Result "1-0"]

1. e4 d6 2. d4 Nf6 3. Nc3 g6 4. f3 c6 5. a4 Bg7 6. Be3 O-O 7. g4 Qa5 8. g5 Nh5
9. Nge2 e5 10. d5 cxd5 11. b4 Qd8 12. Nxd5 Be6 13. Ng3 Nf4 14. Nxf4 exf4 15.
Bxf4 Nc6 16. Bd2 Rc8 17. f4 Qb6 18. a5 Qc7 19. c3 Rfe8 20. Kf2 a6 21. Be2 Na7
22. f5 Bc4 23. f6 Bf8 24. Bg4 Be6 25. Bxe6 Rxe6 26. h4 Nc6 27. h5 Ne5 28. hxg6
fxg6 29. Kg2 Qc4 30. Be3 Nf7 31. Qd4 Qb5 32. Bd2 Rc4 33. Qe3 Qe8 34. Rh4 Rc7
35. Rah1 Ne5 36. Qd4 Qb5 37. Qd5 Qxd5 38. exd5 Re8 39. Ne4 Rf7 40. Bf4 Nc4 41.
Kf3 Rc8 42. Bg3 Re8 43. R1h2 Rc8 44. Ke2 Re8 45. Kd3 Rc8 46. Nd2 Nxd2 47. Rxd2
h5 48. Re2 Rd7 49. Rc4 Rcd8 50. b5 axb5 51. Rb4 Rc8 52. Rxb5 Rdc7 53. Rc2 Rc4
54. Rb4 R4c5 55. c4 Rxa5 56. Rxb7 Rd8 57. Be1 Ra1 58. Re2 Rd1+ 59. Kc2 Ra1 60.
Re8 Raa8 61. Rbe7 Rdb8 62. f7+ Kh7 63. Rxb8 1-0

[Event "4NCL Division One"]
[Site "Telford, ENG"]
[Date "2024.03.17"]
[EventDate "2024.03.17"]
[Round "8.55"]
[White "Ledger, Dave J"]
[WhiteTitle "FM"]
[WhiteElo "2294"]
[WhiteTeam "Blackthorne"]
[Black "Moreby, James"]
[BlackTitle "FM"]
[BlackElo "2423"]
[BlackTeam "The Sharks 1"]
[Result "0-1"]

1. e4 c5 2. Nf3 d6 3. d4 cxd4 4. Nxd4 Nf6 5. Nc3 a6 6. Be3 e5 7. Nb3 Be7 8. f3
Be6 9. Qd2 h5 10. Be2 Nbd7 11. a4 Rc8 12. a5 Qc7 13. O-O O-O 14. Rfc1 Qc6 15.
Rd1 Rfd8 16. Rac1 Bc4 17. Kh1 Nf8 18. Bb6 Rd7 19. Bxc4 Qxc4 20. Nd5 Nxd5 21.
Qxd5 Qxd5 22. Rxd5 Bg5 23. Nd2 Ng6 24. g3 Ne7 25. Rd3 Nc6 26. Rd1 Nb4 27. Rc3
Rxc3 28. bxc3 Bxd2 29. Rxd2 Nc6 30. c4 Ne7 31. Bc5 Nc8 32. Bb4 Kf8 33. c5 Ke7
34. cxd6+ Ke6 35. f4 g6 36. Kg2 Nxd6 37. Bxd6 Rxd6 38. Rf2 exf4 39. gxf4 Rc6
40. f5+ Ke7 41. fxg6 fxg6 42. c3 Rc5 43. Rb2 Rb5 44. Ra2 Kf6 45. h4 Ke5 46. Kf3
Rc5 47. Ra3 Rc4 48. Rb3 Rxe4 49. Rxb7 Rxh4 50. Rb6 Rf4+ 51. Ke3 Rf6 52. Rb8 g5
53. c4 h4 54. Re8+ Re6 55. Rh8 Rc6 56. Rg8 Kf5 57. Rf8+ Kg4 58. Kd4 Rh6 59. Kd5
h3 60. Rf1 h2 61. Rh1 Kh3 62. c5 Kg2 63. Rxh2+ Kxh2 64. c6 g4 65. Kd4 0-1

[Event "4NCL Division One"]
[Site "Daventry, ENG"]
[Date "2024.05.04"]
[EventDate "2024.05.04"]
[Round "9.11"]
[White "Jones, Gawain C B"]
[WhiteTitle "GM"]
[WhiteElo "2620"]
[WhiteTeam "Chessable White Rose 1"]
[Black "Adams, Michael"]
[BlackTitle "GM"]
[BlackElo "2673"]
[BlackTeam "Wood Green"]
[Result "1-0"]

1. c4 Nf6 2. Nf3 e6 3. g3 d5 4. Bg2 Be7 5. O-O O-O 6. d4 c6 7. b3 b6 8. Bb2
Nbd7 9. Qc2 a5 10. a3 Ba6 11. Nbd2 Rc8 12. Rfe1 c5 13. e4 dxe4 14. Nxe4 a4 15.
d5 exd5 16. cxd5 Nxe4 17. Qxe4 Bf6 18. Bxf6 Nxf6 19. Qxa4 Ra8 20. Ne5 Bf1 21.
Nc6 Rxa4 22. Nxd8 Bxg2 23. Nc6 Raa8 24. Ne7+ Kh8 25. Kxg2 Rfd8 26. Rad1 Rd6 27.
Nf5 Rxd5 28. Rxd5 Nxd5 29. Nd6 Kg8 30. a4 Kf8 31. Nc4 Rb8 32. Rd1 Rd8 33. Kf3
Ke7 34. g4 g5 35. Re1+ Kf6 36. Rd1 Rd7 37. Rd2 h6 38. Rd1 Ke7 39. Re1+ Kf8 40.
Rd1 Ke7 41. Kg3 Ke6 42. Re1+ Kf6 43. h4 Rd8 44. Rd1 Ke7 45. h5 Rd7 46. Kf3 Ke6
47. Re1+ Kf6 48. Rd1 Ke7 49. Rd2 Rd8 50. Re2+ Kf6 51. Re1 Rb8 52. Nd6 Nc7 53.
Nf5 Ne6 54. Rd1 b5 55. a5 Ra8 56. Ra1 Ke5 57. Ke3 Ra6 58. f3 Nd8 59. Nxh6 Rxh6
60. a6 Nc6 61. a7 Nxa7 62. Rxa7 Rf6 63. Ra8 c4 64. bxc4 bxc4 65. Ra5+ Kd6 66.
Ra6+ 1-0

[Event "4NCL Division One"]
[Site "Daventry, ENG"]
[Date "2024.05.04"]
[EventDate "2024.05.04"]
[Round "9.12"]
[White "Harvey, Marcus R"]
[WhiteTitle "IM"]
[WhiteElo "2576"]
[WhiteTeam "Wood Green"]
[Black "Rowson, Jonathan"]
[BlackTitle "GM"]
[BlackElo "2527"]
[BlackTeam "Chessable White Rose 1"]
[Result "1/2-1/2"]

1. c4 e5 2. Nc3 Nc6 3. g3 g6 4. h4 h6 5. Bg2 d6 6. Rb1 Bg7 7. b4 a6 8. d3 f5 9.
Bd2 Nf6 10. Qc1 Be6 11. Nd5 Bf7 12. Nxf6+ Qxf6 13. e3 e4 14. d4 Ne7 15. d5 g5
16. h5 Ng8 17. Ne2 Qe7 18. g4 fxg4 19. Ng3 Be5 20. Bc3 Nf6 21. Qb2 Nd7 22. Rc1
O-O 23. Bxe5 Nxe5 24. Bxe4 Qf6 25. Qd2 Be8 26. O-O Bd7 27. Qd4 a5 28. b5 b6 29.
Kh1 Rae8 30. Rc2 Re7 31. Rg1 Ref7 32. Rg2 Qg7 33. Rh2 Bc8 34. Kg2 Re7 35. Kf1
Rf6 36. Ke2 Qf8 37. Kd1 Ref7 38. Qd2 Rf3 39. Rg2 Re7 40. Kc1 Rf6 41. Qd4 Ref7
42. Qd2 Qe7 43. Qd4 Bd7 44. Kd1 Qf8 45. Qd2 Be8 46. Ke1 Re7 47. Kf1 Nd7 48. Qd4
Ne5 49. Rc1 Bd7 50. Rc2 Ref7 51. Rb2 Qe7 52. Rc2 Kf8 53. Rb2 Ke8 54. Rc2 Kd8
55. Rb2 Rf8 56. Rc2 Be8 57. Bd3 Bd7 58. Be4 Bc8 59. Rb2 Bd7 1/2-1/2